000 00878nas a2200265 4500
001 BR7310924
003 BR-BrBNA
005 20231205082711.0
007 ta
008 230509b bl.|||p| |||| 00| 00por d
040 _aBR-BrBNA
_bpor
_cBiblioteca Nacional de Agricultura
041 _a(Pt)
072 _aL72; L73
100 1 _aKessler, R.H.
100 1 _aMarques, N.M.
245 1 _aOcorrencia de Megninia cubitalis (Megnin, 1877)parasitando Gallus gallus (L.)no Rio Grande do Sul, Brasil [acaro, ave domestica, sarna]
650 _aAVICULTURA
650 _aPARASITO DE ANIMAL
650 _aSARNA
650 _aAVE DOMESTICA
650 _aACARO
773 0 _tArquivos da Faculdade de Veterinaria da Universidade Federal do Rio Grande do Sul (Brazil)
_x
_g(Dec 1973), v. 1(1) p. 25-29
_wBR7310924
909 _a202311
_bLúcia
_c55
_dLúcia Elande
942 _2AGRIS
_n0
_cANA
999 _c93721
_d93721